000 00378nam a22000977a 4500
100 _aचतुरसेन,आचार्य
_966939
245 _aमहान बुद्ध और बौद्ध धर्म
260 _aदिल्‍ली
_bहिन्‍दी भाषा अकादमी प्रकाशन
_c2018
650 _aधर्म
_979506
942 _cHIN
999 _c63129
_d63129